Superpower diplomacy in the Horn of Africa /

Bibliographic Details
Main Author: Makinda, Samuel M.
Format: Book
Language:English
Published: New York : St. Martin's Press, 1987.
Subjects:

MARC

Tag First Indicator Second Indicator Subfields
LEADER 00000cam a22000008a 4500
001 in00000008924
005 20151004060017.0
008 861125s1987 nyu b 00110 eng
010 |a  86031379  
020 |a 0312005482 :  |c $25.00(est.) 
035 |a (OCoLC)14966143 
035 |9 AAA1336AM 
040 |a DLC  |c DLC  |d m/c  |d TXA  |d UtOrBLW 
043 |a e-ur---  |a n-us---  |a ah----- 
049 |a TXAM  |c [A12618890] 
050 0 0 |a UA855.5  |b .M35 1987 
082 0 |a 355/.0330677  |2 19 
100 1 |a Makinda, Samuel M. 
245 1 0 |a Superpower diplomacy in the Horn of Africa /  |c Samuel M. Makinda. 
264 1 |a New York :  |b St. Martin's Press,  |c 1987. 
300 |a 241 pages, 1 unnumbered page 
336 |a text  |b txt  |2 rdacontent 
337 |a unmediated  |b n  |2 rdamedia 
338 |a volume  |b nc  |2 rdacarrier 
504 |a Bibliography: pages [223]-234. 
500 |a Includes index. 
651 0 |a Africa, Northeast  |x Strategic aspects. 
651 0 |a United States  |x Military relations  |z Africa, Northeast. 
651 0 |a Soviet Union  |x Military relations  |z Africa, Northeast. 
651 0 |a Africa, Northeast  |x Military relations  |z United States. 
651 0 |a Africa, Northeast  |x Military relations  |z Soviet Union. 
999 |a MARS 
999 f f |s b066c87a-9856-3297-bfba-ffbaf7e621b8  |i 06be9776-96da-36a6-a3ea-9cea0e9a4354  |t 0 
952 f f |p ric  |a Texas A&M University  |b Rellis Campus  |c Joint Library Facility  |d Remote Storage  |t 0  |e UA855.5 .M35 1987  |h Library of Congress classification  |i unmediated -- volume  |m A14812618890 
998 f f |a UA855.5 .M35 1987  |t 0  |l Remote Storage